| 000 | 00583nam a2200169 i 4500 | ||
|---|---|---|---|
| 001 | bgj | ||
| 245 | 0 | 0 |
_aPlays for Reading : _busing readers theatre in EFL : American plays for advanced students of English as a foreign language / _c[edited by] Dean Curry. |
| 260 |
_aWashington, D.C. : _bUnited States Information Agency, _c1985. |
||
| 300 |
_a[1], 167 pp ; _c21 cm. |
||
| 650 | 9 | _aReaders | |
| 650 | 9 |
_aAmerican literature _xTextbooks for foreigners |
|
| 700 | 1 |
_aCURRY, Daen. _eed. |
|
| 040 | _cBPK | ||
| 041 | _aeng | ||
| 942 | _cKS | ||
| 008 | s uk f |000 0 eng | ||
| 999 |
_c41309 _d41309 |
||
| 856 |
_uhttp://koha.tu.koszalin.pl/cgi-bin/koha/opac-detail.pl?biblionumber=41309 _yKatalog online BPK |
||